000 00639nam a2200241Ia 4500
001 39471
005 20240114002054.0
007 ta
008 070824s1955 g b000 u 098 u
040 _aCotton College,Assam
041 _a098
082 _a297
_bR 119 W
100 _aRadwi, Syed Zahed .
245 0 _aWaqiat Us Salahain /
_cSyed Zahed Radwi.
_hTextual Documents
250 _a1st ed. /
260 _aDelhi :
_bAsthani Book Depot. ,
_c1955.
300 _a192p. ;
_c18cm.
653 _aBiography-Religious Leader
653 _aG-Arabic & Persian
942 _2ddc
_cBK
999 _c39443
_d39443